Govt. of
Madhya Pradesh

The Memoris Of Dr. Haimabati Sen (Record no. 488)

MARC details
000 -LEADER
fixed length control field 004850000a22001930004500
001 - CONTROL NUMBER
control field 000487
003 - CONTROL NUMBER IDENTIFIER
control field MACL
005 - DATE AND TIME OF LATEST TRANSACTION
control field 20151017134257.0
008 - FIXED-LENGTH DATA ELEMENTS--GENERAL INFORMATION
fixed length control field 151017b xxu||||| |||| 00| 0 eng d
040 ## - CATALOGING SOURCE
Original cataloging agency MACL
Transcribing agency MACL
041 ## - LANGUAGE CODE
Language code of text/sound track or separate title English
082 ## - DEWEY DECIMAL CLASSIFICATION NUMBER
Classification number 920/SEN
100 ## - MAIN ENTRY--PERSONAL NAME
Personal name Forbes, Geraldine
9 (RLIN) 15684
245 ## - TITLE STATEMENT
Title The Memoris Of Dr. Haimabati Sen
Statement of responsibility, etc. Geraldine Forbes
260 ## - PUBLICATION, DISTRIBUTION, ETC. (IMPRINT)
Place of publication, distribution, etc. New Delhi
Date of publication, distribution, etc. 2000
Name of publisher, distributor, etc. Lotus Collection,
350 ## - PRICE (NR) (BK AM CF MU VM SE) [OBSOLETE]
Price 495
650 ## - SUBJECT ADDED ENTRY--TOPICAL TERM
Topical term or geographic name as entry element Biography
9 (RLIN) 15685
942 ## - ADDED ENTRY ELEMENTS (KOHA)
Call number prefix 920
Koha item type Books
Source of classification or shelving scheme
Holdings
Withdrawn status Lost status Source of classification or shelving scheme Damaged status Not for loan Home library Current library Date acquired Cost, normal purchase price Total Checkouts Full call number Barcode Date last seen Uniform Resource Identifier Price effective from Koha item type
          MACL MACL 15/04/2015 495.00   920/SEN CRE012893 02/05/2024 486 15/04/2015 Books